000 00704nam a2200217 i 4500
001 bgj
100 1 _aWENZEL, Ryszard.
245 1 0 _aJak uczyć języka obcego poprzez samodzielne tworzenie tekstu /
_cRyszard Wenzel.
260 _aWarszawa :
_bWydawnictwa Szkolne i Pedagogiczne,
_c1991.
300 _a150, [1] pp ;
_c21 cm.
490 1 _aBiblioteka Nauczycieli Języków Obcych
504 _aBibliography p. 148-151.
650 9 _aLanguage and languages
_xStudy and teaching
830 _aBiblioteka Nauczycieli Języków Obcych
020 _a8302043486 (pbk)
040 _cBPK
041 0 _aeng
920 _a83-02-04348-6 (pbk)
942 _cKS
008 s uk f |000 0 eng
999 _c47292
_d47292
856 _uhttp://koha.tu.koszalin.pl/cgi-bin/koha/opac-detail.pl?biblionumber=47292
_yKatalog online BPK